000 00293nam a22001097a 4500
008 230620b xxu||||| |||| 00| 0 eng d
082 _a320.9
_bHMS
245 _aA Year Book of the CommonWealth 1971
260 _aLondon
_bHer Majesty's Stationery office
_c1971
300 _a800p
942 _2ddc
_cBK
999 _c1576
_d1576